| 000 | 00766nam a2200253 u 4500 | ||
|---|---|---|---|
| 005 | 20230322063609.0 | ||
| 008 | 181121s2008 mx r 000 0 spa d | ||
| 020 | _a9789706519986 (13 dígitos) | ||
| 020 | _a970651998X (10 dígitos) | ||
| 035 | _aUPN01000227988 | ||
| 049 | _aCG | ||
| 050 | 4 |
_aBJ1533 S2.7 _bB8.2 2008 |
|
| 100 | 1 |
_aBucay, Jorge, _d1949- _934610 |
|
| 245 | 1 | 3 |
_aEl camino de la autodependencia / _cJorge Bucay. |
| 250 | _a2a ed. | ||
| 260 |
_aMéxico : _bOceano, _c2008. |
||
| 300 | _a164 p. | ||
| 440 | 0 |
_aHojas de ruta. _pBiblioteca Jorge Bucay |
|
| 650 | 4 |
_aAUTOSUFICIENCIA _927307 |
|
| 650 | 2 |
_aConciencia de sí mismo (Conocimiento) _913608 |
|
| 650 | 4 |
_aPSICOTERAPIA EN LA LITERATURA _927303 |
|
| 905 | _aLibro | ||
| 999 |
_c200083 _d200083 |
||